书目信息 |
| 题名: |
三北工程生态文化体系研究
|
|
| 作者: | 铁铮, , 田阳, , 徐迎寿, 主编 | |
| 分册: | ||
| 出版信息: | 北京 光明日报出版社 2024.01 |
|
| 页数: | 195页 | |
| 开本: | 25cm | |
| 丛书名: | 光明社科文库 | |
| 单 册: | ||
| 中图分类: | S727.2 | |
| 科图分类: | ||
| 主题词: | 三北地区--san bei di qu--防护林带--生态环境建设--研究 | |
| 电子资源: | ||
| ISBN: | 978-7-5194-7202-3 | |
| 000 | 01425nam 2200301 450 | |
| 001 | 94813 | |
| 005 | 20250820212403.80 | |
| 010 | @a978-7-5194-7202-3@b精装@dCNY85.00 | |
| 100 | @a20240109d2024 em y0chiy50 ea | |
| 101 | 0 | @achi |
| 102 | @aCN@b110000 | |
| 105 | @ay z 000yy | |
| 106 | @ar | |
| 200 | 1 | @a三北工程生态文化体系研究@Asan bei gong cheng sheng tai wen hua ti xi yan jiu@f铁铮, 田阳, 徐迎寿主编 |
| 210 | @a北京@c光明日报出版社@d2024.01 | |
| 215 | @a195页@d25cm | |
| 225 | 2 | @a光明社科文库@Aguang ming she ke wen ku |
| 300 | @a光明版 | |
| 314 | @a铁铮, 北京林业大学教授、博士生导师。田阳, 北京林业大学继续教育学院院长、中国林业教育学会常务副秘书长, 博士, 副研究员。徐迎寿, 北京林业大学教务处处长, 博士, 研究员。 | |
| 330 | @a本书共七章, 内容包括: 源远流长 深根固柢 (三北工程生态文化的渊源)、条修叶贯 叶茂枝繁 (三北工程生态文化的体系)、千秋基业 文润泽及 (三北工程生态文化的作用)、春风化雨 特色彰显 (三北工程生态文化的特征)、革故鼎新 与时俱进 (三北工程生态文化的创新)、春华秋实 独树一帜 (三北工程生态文化的硕果)、方兴未艾 守正创新 (三北工程生态文化的展望)。 | |
| 410 | 0 | @12001 @a光明社科文库 |
| 606 | 0 | @a三北地区@Asan bei di qu@x防护林带@x生态环境建设@x研究 |
| 690 | @aS727.2@v5 | |
| 701 | 0 | @a铁铮,@Atie zheng@f1957-@4主编 |
| 701 | 0 | @a田阳,@Atian yang@f1975-@4主编 |
| 701 | 0 | @a徐迎寿,@Axu ying shou@f1980-@4主编 |
| 801 | 0 | @aCN@c20250909 |
| 905 | @a河南城建学院图书馆@dS727.2@eT771@f1 | |
| 三北工程生态文化体系研究/铁铮, 田阳, 徐迎寿主编.-北京:光明日报出版社,2024.01 |
| 195页;25cm.-(光明社科文库) |
| 光明版 |
| ISBN 978-7-5194-7202-3(精装):CNY85.00 |
| 本书共七章, 内容包括: 源远流长 深根固柢 (三北工程生态文化的渊源)、条修叶贯 叶茂枝繁 (三北工程生态文化的体系)、千秋基业 文润泽及 (三北工程生态文化的作用)、春风化雨 特色彰显 (三北工程生态文化的特征)、革故鼎新 与时俱进 (三北工程生态文化的创新)、春华秋实 独树一帜 (三北工程生态文化的硕果)、方兴未艾 守正创新 (三北工程生态文化的展望)。 |
| ● |
| 相关链接 |
|
|
|
正题名:三北工程生态文化体系研究
索取号:S727.2/T771
 
预约/预借
| 序号 | 登录号 | 条形码 | 馆藏地/架位号 | 状态 | 备注 |
| 1 | 1629029 | 216290298 | 自科库401/401自科库 68排7列5层/ [索取号:S727.2/T771] | 在馆 |